[Event "BRA-ch sf (Women)"]
[Site "Icara"]
[Date "2017.06.29"]
[Round "1"]
[White "De Melo, Danieli"]
[Black "Ichimura G Barbosa, Larissa Yuki"]
[Result "0-1"]
[WhiteElo "1774"]
[BlackElo "1974"]
[PlyCount "153"]
[EventDate "2017.06.29"]
[EventType "swiss"]
[EventRounds "7"]
[EventCountry "BRA"]
[SourceTitle "CBM 179 Extra"]
[Source "ChessBase"]
[SourceDate "2017.08.23"]
[SourceVersion "1"]
[SourceVersionDate "2017.08.23"]
[SourceQuality "1"]

1. d4 Nf6 2. c4 g6 3. Nc3 Bg7 4. e4 d6 5. Nf3 0-0 6. g3 e5 7. d5 a5 8. Bg2 Na6 9. 0-0 Nc5 10. Re1 Bd7 11. Bg5 h6 12. Bd2 Qc8 13. Qc2 Bh3 14. b3 Nh5 15. Rad1 Nf4 16. Bxf4 exf4 17. e5 Qg4 18. Ne4 Nxe4 19. Rxe4 dxe5 20. Nxe5 Bxe5 21. Rxe5 Bxg2 22. Kxg2 f3+ 23. Kh1 Ra6 24. Qe4 h5 25. Qxg4 hxg4 26. Re7 Rc8 27. Rde1 Rd6 28. h3 gxh3 29. Kh2 c6 30. dxc6 Rcxc6 31. g4 Rd2 32. Kg3 Rxa2 33. Rxb7 Rd6 34. Rh1 Rdd2 35. Rh2 Rab2 36. g5 Kg7 37. Rb5 Rdc2 38. Rxa5 Rxb3 39. Ra4 Rc1 40. c5 Rxc5 41. Rxh3 Rxg5+ 42. Rg4 Rc5 43. Rf4 Rg5+ 44. Rg4 Rxg4+ 45. Kxg4 Kf6 46. Rh7 Ke6 47. Rg7 Ke7 48. Rh7 Kf6 49. Rh2 Kg7 50. Rh3 Rb4+ 51. Kg3 g5 52. Rh5 Kg6 53. Rh8 Rf4 54. Rg8+ Kf5 55. Rg7 f6 56. Re7 Kg6 57. Re6 Kf7 58. Ra6 Rf5 59. Kg4 Kg6 60. Ra7 Rf4+ 61. Kg3 f5 62. Ra6+ Kh5 63. Ra8 Kg6 64. Ra6+ Kf7 65. Ra7+ Kf6 66. Ra6+ Kf7 67. Ra7+ Kg6 68. Ra6+ Kh5 69. Ra8 Re4 70. Rh8+ Kg6 71. Kxf3 Re7 72. Ra8 g4+ 73. Kg3 Rh7 74. Kf4 Rh3 75. Rg8+ Kf7 76. Ra8 Rf3+ 77. Kg5 0-1